Bublina

Bibliographic Details
Main Author: Šajbanová, Katarína (Author)
Other Authors: Bekešová, Martina, 1973- (Translator)
Format: Book
Language:Czech
Slovak
PhysicalDescription:270 s. 21 cm
Published: Praha Odeon 2009
ISBN:9788020713063
Edition:1. vyd.
Subjects:

MARC

LEADER 00000cam a2200000 a 4500
001 vtls010065891
003 SK-MaSNL
005 20260301030510.0
008 240314s2009 xr 000 f cze
015 |a SNBZSA2011-00477 
020 |a 9788020713063  |q (viaz.) 
035 |a A1672789-BD5A-4AFF-BBE5-CD73FA710809 
035 |a urn:nbn:sk:snk-amk1dx 
035 |a urn:nbn:sk:snk-am0087g3 
040 |a SNK  |b slo  |c SNK  |e AACR2 
041 0 |a cze  |h slo 
044 |a xr  |c CZ 
072 7 |a 821.162.4-3  |x Slovenská próza  |2 konspekt 
080 |a 821.162.4-32  |2 2001 
100 1 |a Šajbanová, Katarína  |4 aut  |9 324464 
245 1 0 |a Bublina  |c Katarína Šajbanová ; [přeložila Martina Bekešová] 
250 |a 1. vyd. 
260 |a Praha  |b Odeon  |c 2009 
300 |a 270 s.  |c 21 cm 
650 0 7 |a slovenská próza  |2 snkph  |9 1206 
655 7 |a slovenské romány  |2 snkph  |9 70324 
700 1 |a Bekešová, Martina,  |d 1973-  |4 trl  |9 236567 
919 |a 978-80-207-1306-3 
958 |a OND 
958 |a ZS 
958 |a LX 
958 |a UP 
958 |a CZ 
999 |c 574539  |d 576469 
952 |a SNK  |b SNK  |y PREZ  |7 0  |p 17A0664660  |o snkSC 141161  |i snk2010/14776  |8 2  |g 9.29  |0 0  |1 0  |4 0  |d 2010-02-17  |l 0  |r 2025-07-09 00:00:00  |w 2026-02-23 
952 |a SNK  |b SNK  |y PREZ  |7 0  |p 17A0675254  |o snkSC 141161 D1  |i snk2010/23235  |8 4  |g 8.72  |0 0  |1 0  |4 0  |d 2010-07-15  |f 1  |l 0  |r 2026-02-23 14:28:32  |w 2026-02-23